000 00459nmm a2200145Ia 4500
008 251105s9999||||xx |||||||||||||||||und||
041 _aspa
100 _aPérez Medina, Diego
245 0 _aEn diálogo con la tierra: por una Colombia sostenible
264 _a[Bogotá, Colombia] :
_bUniversidad del Rosario,
_c2017
300 _a152 páginas
650 _aEnvironmental Sciences
856 _uhttps://public.digitaliapublishing.com/a/52145
942 _cCF
999 _c106550
_d106550